[Event "SVK-ch U12"]
[Site "Liptovsky Mikulas"]
[Date "2018.04.26"]
[Round "8"]
[White "Zumrik, Lukas"]
[Black "Ondo, Daniel"]
[Result "1-0"]
[WhiteElo "1468"]
[BlackElo "1213"]
[PlyCount "91"]
[EventDate "2018.04.21"]
[EventType "swiss"]
[EventRounds "9"]
[EventCountry "SVK"]
[SourceTitle "CBM 184 Extra"]
[Source "ChessBase"]
[SourceDate "2018.06.28"]
[SourceVersion "1"]
[SourceVersionDate "2018.06.28"]
[SourceQuality "1"]

1. d4 d5 2. c4 Nf6 3. cxd5 Nxd5 4. e4 Nb6 5. Nc3 e6 6. Be3 Bb4 7. Nf3 Bxc3+ 8. bxc3 0-0 9. Bd3 Nc6 10. 0-0 h6 11. Qd2 g5 12. Qc2 Qf6 13. Nd2 Bd7 14. f4 Qg7 15. a4 f6 16. a5 Nc8 17. Bc4 b5 18. Bd3 N8e7 19. Nb3 a6 20. Nc5 Rfd8 21. Qa2 Qf7 22. fxg5 hxg5 23. Bxg5 Qg6 24. Bxf6 Kf7 25. Be5+ Ke8 26. Bxc7 Rdc8 27. Bg3 b4 28. Qd2 bxc3 29. Qxc3 Qg5 30. Bf4 Qh5 31. Nb7 Kf8 32. Bg3+ Kg8 33. Nc5 Ra7 34. Qb2 Nxd4 35. Qxd4 Rxc5 36. Bd6 Nc6 37. Qxc5 Qxc5+ 38. Bxc5 Rc7 39. Bb6 Rc8 40. Bxa6 Re8 41. Bb5 Ne5 42. Bxd7 Nxd7 43. Rad1 Re7 44. Rd6 Kg7 45. a6 Re8 46. Rxd7+ 1-0

[Event "SVK-ch U12"]
[Site "Liptovsky Mikulas"]
[Date "2018.04.21"]
[Round "1"]
[White "Ondo, Daniel"]
[Black "Lovcican, Tomas"]
[Result "0-1"]
[WhiteElo "1213"]
[BlackElo "1660"]
[PlyCount "64"]
[EventDate "2018.04.21"]
[EventType "swiss"]
[EventRounds "9"]
[EventCountry "SVK"]
[SourceTitle "CBM 184 Extra"]
[Source "ChessBase"]
[SourceDate "2018.06.28"]
[SourceVersion "1"]
[SourceVersionDate "2018.06.28"]
[SourceQuality "1"]

1. e4 c5 2. Nc3 Nc6 3. Nf3 g6 4. Bc4 d6 5. d3 Nf6 6. 0-0 Bg7 7. Be3 Bg4 8. Bg5 0-0 9. Nd5 Nxd5 10. exd5 Ne5 11. Re1 Qd7 12. Nxe5 Bxe5 13. Qd2 Qc7 14. f4 Bd4+ 15. Kh1 Rfe8 16. c3 Bg7 17. h3 Bf5 18. Re2 e5 19. dxe6 Bxe6 20. Rae1 Qd7 21. a4 Bxc4 22. dxc4 Rxe2 23. Rxe2 Qxa4 24. Qxd6 Qxc4 25. Rf2 Re8 26. Bh4 Qb5 27. Qd5 Re2 28. Qf3 Rxb2 29. Rxb2 Qxb2 30. c4 Bd4 31. Qg3 Qc1+ 32. Kh2 Qg1# 0-1

[Event "SVK-ch U10"]
[Site "Liptovsky Mikulas"]
[Date "2016.04.18"]
[Round "3"]
[White "Sustek, Adam"]
[Black "Ondo, Daniel"]
[Result "1-0"]
[WhiteElo "1364"]
[BlackElo "1000"]
[PlyCount "51"]
[EventDate "2016.04.16"]
[EventType "swiss"]
[EventRounds "9"]
[EventCountry "SVK"]
[SourceTitle "CBM 172 Extra"]
[Source "ChessBase"]
[SourceDate "2016.06.21"]
[SourceVersion "1"]
[SourceVersionDate "2016.06.21"]
[SourceQuality "1"]

1. e4 e5 2. Nf3 Nc6 3. d4 Bd6 4. Nc3 Nf6 5. Bg5 0-0 6. Bxf6 Qxf6 7. dxe5 Bxe5 8. Nd5 Qd6 9. Nxe5 Qxe5 10. b3 Qxe4+ 11. Ne3 f5 12. Bc4+ Kh8 13. 0-0 f4 14. Qd5 Qg6 15. Bd3 Qh6 16. Ng4 Qh4 17. Ne5 Rf6 18. Nf3 Qg4 19. Rfe1 Rf8 20. h3 Nb4 21. Qc4 Qh5 22. Qxb4 d6 23. Re7 Bxh3 24. Qe4 Qh6 25. gxh3 Qf6 26. Qxh7# 1-0

[Event "SVK-ch U10"]
[Site "Liptovsky Mikulas"]
[Date "2016.04.16"]
[Round "1"]
[White "Antos, Martin"]
[Black "Ondo, Daniel"]
[Result "0-1"]
[WhiteElo "1310"]
[BlackElo "1000"]
[PlyCount "90"]
[EventDate "2016.04.16"]
[EventType "swiss"]
[EventRounds "9"]
[EventCountry "SVK"]
[SourceTitle "CBM 172 Extra"]
[Source "ChessBase"]
[SourceDate "2016.06.21"]
[SourceVersion "1"]
[SourceVersionDate "2016.06.21"]
[SourceQuality "1"]

1. e4 e5 2. Nf3 Nc6 3. d4 f6 4. dxe5 fxe5 5. Bb5 d6 6. Nc3 Bd7 7. Be3 Nf6 8. Qd2 Be7 9. 0-0-0 0-0 10. Bc4+ Kh8 11. Ng5 Ng4 12. Nf7+ Rxf7 13. Bxf7 Nxe3 14. Qxe3 Bg5 15. f4 Bxf4 16. Qxf4 exf4 17. Rhf1 Qf6 18. Bc4 Qe5 19. Rd5 Qf6 20. g3 Qg6 21. Rxf4 Nb4 22. Rd4 c6 23. Bf7 Nxa2+ 24. Nxa2 Qh6 25. h4 Rf8 26. Kd1 Rxf7 27. Rxf7 Qh5+ 28. Ke1 Qxf7 29. Rxd6 Qxa2 30. Rxd7 h6 31. Rxb7 Qa5+ 32. Kd1 Qd8+ 33. Ke2 Qa5 34. Ke3 Qc5+ 35. Kf4 g5+ 36. Kg4 Qd4 37. Re7 Qd1+ 38. Kf5 Qf1+ 39. Kg6 Qf8 40. Rh7+ Kg8 41. Rxa7 Qd6+ 42. Kh5 Qxg3 43. Kxh6 Qxh4+ 44. Kg6 Qxe4+ 45. Kf6 Qd4+ 0-1